|
|
|
|
| LEADER |
02650nam a2200685 a 4500 |
| 001 |
nkc20081836749 |
| 003 |
CZ PrNK |
| 005 |
20160106153735.0 |
| 007 |
ta |
| 008 |
081222s2008 xr f 001 0 cze |
| 015 |
|
|
|a cnb001836749
|
| 020 |
|
|
|a 978-80-7007-290-5
|q (váz.)
|
| 035 |
|
|
|a (OCoLC)316680295
|
| 040 |
|
|
|a ABA001
|b cze
|
| 041 |
1 |
|
|a cze
|h fre
|
| 072 |
|
7 |
|a 165
|x Teorie poznání. Epistemologie
|2 Konspekt
|9 5
|
| 080 |
|
|
|a 165.12
|2 MRF
|
| 080 |
|
|
|a 159.95
|2 MRF
|
| 080 |
|
|
|a 591.5
|2 MRF
|
| 080 |
|
|
|a 591.18
|2 MRF
|
| 080 |
|
|
|a 159.9.019.2
|2 MRF
|
| 080 |
|
|
|a 159.9.019.4
|2 MRF
|
| 080 |
|
|
|a 165.62
|2 MRF
|
| 080 |
|
|
|a (048.8)
|2 MRF
|
| 100 |
1 |
|
|a Merleau-Ponty, Maurice,
|d 1908-1961
|7 jn19990005619
|4 aut
|
| 245 |
1 |
0 |
|a Struktura chování /
|c Maurice Merleau-Ponty ; se studií Alphonse de Waelhense Filosofie dvojznačnosti ; [z francouzského originálu ... přeložili Jiří Pechar ... et al.]
|
| 250 |
|
|
|a Vyd. 1.
|
| 260 |
|
|
|a Praha :
|b Filosofia,
|c 2008
|
| 300 |
|
|
|a 326 s. ;
|c 21 cm
|
| 490 |
1 |
|
|a Základní filosofické texty ;
|v sv. 10
|
| 504 |
|
|
|a Obsahuje bibliografii, bibliografické odkazy a rejstřík
|
| 550 |
|
|
|a Vydavatel: Filosofický ústav AV ČR
|
| 650 |
0 |
7 |
|a vědomí
|7 ph127380
|2 czenas
|
| 650 |
0 |
7 |
|a lidské chování
|7 ph117221
|2 czenas
|
| 650 |
0 |
7 |
|a chování živočichů
|7 ph189267
|2 czenas
|
| 650 |
0 |
7 |
|a neurofyziologie
|7 ph123257
|2 czenas
|
| 650 |
0 |
7 |
|a gestalt psychologie
|7 ph135284
|2 czenas
|
| 650 |
0 |
7 |
|a behaviorismus (psychologie)
|7 ph195469
|2 czenas
|
| 650 |
0 |
7 |
|a fenomenologie
|7 ph114531
|2 czenas
|
| 650 |
0 |
9 |
|a consciousness
|2 eczenas
|
| 650 |
0 |
9 |
|a human behavior
|2 eczenas
|
| 650 |
0 |
9 |
|a animal behavior
|2 eczenas
|
| 650 |
0 |
9 |
|a neurophysiology
|2 eczenas
|
| 650 |
0 |
9 |
|a gestalt psychology
|2 eczenas
|
| 650 |
0 |
9 |
|a behaviorism (psychology)
|2 eczenas
|
| 650 |
0 |
9 |
|a phenomenology
|2 eczenas
|
| 655 |
|
7 |
|a studie
|7 fd133597
|2 czenas
|
| 655 |
|
9 |
|a studies
|2 eczenas
|
| 740 |
0 |
2 |
|a Filosofie dvojznačnosti
|
| 765 |
0 |
|
|t Structure du comportement
|9 Česky
|
| 700 |
1 |
|
|a De Waelhens, Alphonse,
|d 1911-1981
|7 jx20090115016
|4 waw
|
| 710 |
2 |
|
|a Filosofický ústav (Akademie věd ČR)
|7 kn20010709007
|
| 830 |
|
0 |
|a Základní filosofické texty
|0 s
|
| 856 |
4 |
1 |
|u http://www.digitalniknihovna.cz/mzk/uuid/uuid:7d8166b0-bf66-11e5-b5dc-005056827e51
|y Digitalizovaný dokument
|x NDK
|
| 910 |
2 |
|
|a BOA001
|b 2-1216.760
|
| 990 |
|
|
|a BK
|
| 995 |
|
|
|a 01
|
| 991 |
|
|
|b 200902
|c NOV
|
| 996 |
6 |
|
|b 2610366862
|c 2-1216.760
|l MZK
|r Sklad / do 1 hodiny
|n 3
|p p.v.
|w 000927131
|u 000010
|a 1
|e BOA001
|j MZK50
|s P
|
| 996 |
7 |
|
|b 2610369638
|c 2-1216.760
|l MZK
|r Sklad / do 1 hodiny
|n 27
|p kup
|w 000927131
|u 000020
|a 1
|e BOA001
|j MZK50
|s A
|